Quizzes
Events
Quiz Creation
Community
Videos
Private Events
Remove Ads
Sign In
Join for FREE
Feedback
Dark Mode
Quiz Categories
Sports
Geography
Music
Movies
Television
Just For Fun
Miscellaneous
History
Literature
Language
Science
Gaming
Entertainment
Religion
Holiday
For Kids
Quiz Lab
Recent
Popular Today
Quiz Kudos Today
Editor Picks
Curator Picks
Quizzes by...
Day
Popularity
Type
Ratings
Length
Year
Community
Subscriptions
Recent Discussions
Orange Saloon
Badges
Playlists
Quests
Create
Leaderboards
Showdown
Live 5
Trivia Bingo
Activity
Puzzle Library
Sporcle Events
Private Events
Virtual Trivia
Globe League
Become a Host
Pub Owners
SporcleCon
Opinionation
Our Games
Videos
Blog
Mobile Apps
Partnerships
Remove Ads and Go Orange
Feedback
Music
Pop Music
The Beatles
Song
Album
Lyrics
Bands
Singers
Artist
Clip
Rock
Rap
Classical
Billboard
Country Music
Kpop
Taylor Swift
Music
Pop Music
The Beatles
Song
Album
Lyrics
Bands
Singers
Artist
Clip
Rock
Rap
Classical
Billboard
Country Music
Kpop
Taylor Swift
Random Quiz
Search Sporcle
×
Quiz Lab
Quiz Lab
Music
Kpop
Type in answers that appear in a list
Type in answers that appear in a list
Classic
Best Score? Go Orange.
Scrambled KPop Songs per Group Stats
Can you name the Scrambled K-Pop Songs per Group?
By
darkphantom025
20m
30 Questions
2,039 Plays
2,039 Plays
2,039 Plays
Comments
Comments
Give Quiz Kudos
Give Quiz Kudos
-
- Ratings
hide this ad
More Info
Replay
Link that replays current quiz
Next Quiz
Link to next quiz in quiz playlist
You Got
0%
They Got
Avg Score
33%
Avg Friend Score
Upgrade to see
Score Distribution
Jump to the score distribution portion of the page
Score
0/30
Timer
20:00
0
Plays Today
SCRAMBLE
SONG
% Correct
YRLOLPOY
Roly Poly
72.4%
UKMZI
Muzik
67.1%
PLIOLPOL
Lollipop
62.2%
OVELLEVOVEOL
Love Love Love
60.4%
EYOODBGABBY
Goodbye Baby
59%
OGODDYA
Good Day
54.7%
YBDONO
Nobody
44.8%
TAREBH
Breath
44.4%
ERULFIC
Lucifer
43.3%
HYSOBY
Shy Boy
34.3%
KLIEARYZC
Like Crazy
30.2%
SITHISAWR
This is War
29.2%
OSYCARZ
So Crazy
28.4%
PIGUMJN
Jumping
28.1%
ETHSOBY
The Boys
28%
SCRAMBLE
SONG
% Correct
RMELPMIS
Mr. Simple
27.9%
TIXSHENESS
Sixth Sense
26.8%
UTIBAELUFGATTER
Beautiful Target
26.3%
TACNBONOYD
Can't Nobody
26.1%
DAHNSPU
Hands Up
24%
BBIROBBIMBBORIBBEM
Bbiribbom Bberibbom
23.4%
COIMRIT
Mirotic
20.5%
MIAONERL
I'm a Loner
20.2%
HATCWUTO
Watch Out
19.9%
OVELKILESHTI
Love Like This
19.6%
TEERSCVEOL
Secret Love
18.9%
IAEPDRAS
Paradise
18.9%
PAOSOHM
Shampoo
18.8%
DNENAVLER
Neverland
17.3%
OTHURMESM
Hot Summer
7.8%
Quiz Playlist
Details
Report
Send in Message
Add To Playlist
More Info:
HINT: The artists are ordered alphabetically TRY MY OTHER KPOP QUIZZES, CHECK MY PROFILE!
Classic:
Type in answers that appear in a list
Last Updated: Feb 16, 2017
Quiz Scoreboard
CHALLENGE
Sign Up to Join the Scoreboard
Show All
Scores
Hide
Comments
May contain spoilers
Recently Published
Presidents Visiting Landmarks
by Hejman
History
7m
An Introduction to Baseball
by treessimontrees
Sports
5m
Movies - When Are They Set?
by FPL_Elf
Movies
5m
More to Explore
Quiz From the Vault
Featured Blog Post
Where Did the Easter Bunny Come From?
hide this ad
You Might Also Like...
Tags
Kpop Quiz
Song Quiz
group
Korea
scramble
Today's Top Quizzes in Music
Browse Music
hide this ad
Today's Top Quizzes in Kpop
Browse Kpop
Top Contributed Quizzes in Music
1
Taylor Swift All Songs (2024)
2
Guess the Artist- 70s Songs
3
7-to-1: Billboard Hot 100 #1 Hits of 2010s
4
Sorting Albums and Songs
5
Taylor Swift Logic Puzzle
6
One Thing in Common: Music
7
2010s Album by Cover III
8
KPOP LOGIC QUIZ
9
Guess the Taylor Swift song (Mystery Song)
10
Guess the Artist- 80s Songs
Explore More
Trending Topics
NBA
Anime
Harry Potter
Marvel
Kpop
Disney
Crossword
Pokémon
NFL
WWE
Puzzle
Soccer
The Office
Song
Country
hide this ad
More By:
darkphantom025
Quiz
Plays
Rating
Category
Featured
Created
Match Kpop Groups and Their Songs
20,069
4.00
Music
Jul 7, 2012
Name a Random Member of Kpop Groups
6,362
1.69
Music
Mar 11, 2012
Match Kpop Songs with the Singers
5,293
3.00
Music
Aug 21, 2012
Name Kpop Idols' Family Names
3,362
3.50
Music
Mar 28, 2012
Scrambled KPop Songs per Group
2,039
3.20
Music
Mar 6, 2012
Go to Creator's Profile
Score Distribution
Quiz Creator Spotlight
darkphantom025
Follow
Send a Message
Quizzes Created
-
Created Quiz Play Count
-
More By This Creator
Popular Quizzes Today
1
Find the US States - No Outlines Minefield
2
Find the Countries of Europe - No Outlines Minefield
3
The Countries of the World
4
Find the US States
5
Popular People in 1961
6
US States
7
Risky Map Clicking: Biggest States A-Z
8
Movies - When Are They Set?
More Music Quizzes
Musical Women by Image A-Z
Published
Trending Quizzes
Risky Map Clicking: Least Populous States A-Z
1-10 Letter G Words
1-10 Letter F Words
Risky Map Clicking: Next State Alphabetically
Risky Map Clicking: Biggest States A-Z
Recently Updated
Leaping Animals
pecheneg
Reality TV Shows (A-Z)
bhenderson79
Rickey Henderson's Hall of Fame Teammates
pecheneg
Champions League XIs: Arsenal
pecheneg
Quick Pick: Celebrities in WWE's Hall of Fame
aduchscher
A-Z Keypad Blitz II
pecheneg
Multiple Oscar Actors
pecheneg
Mystery Phrase Blitz: Oscar 'Best Actors'
pecheneg
F. Scott Fitzgerald Novels
LTH
Pick 3 Villains
ddd62291
Trending Topics
Harry Potter
Kpop
Disney
Anime
Crossword
NBA
Marvel
WWE
Country
Pokémon
The Office
Puzzle
NFL
Soccer
Song
Your Account Isn't Verified!
In order to create a playlist on Sporcle, you need to verify the email address you used during registration. Go to your
Sporcle Settings
to finish the process.
Report this User
Report this user for behavior that violates our
Community Guidelines
.
Details:
Send Report
Go to the Sporcle.com Mobile Site →
Comments